Articulación espacial de la economía regional servicios y comercio como base para una zonificación económica en la zona aledaña oriental del Parque Nacional Sangay, Ecuador (Registro nro. 2445)

Detalles MARC
000 -CABECERA
Campo de control 00804nam a2200241 a 4500
005 - FECHA Y HORA DE LA ULTIMA TRANSACCION
Campo de control 20200104041532.0
008 - ELEMENTOS DE LONGITUD FIJA—INFORMACION GENERAL
Campo de control 140305b2001 ec ||||| |||| 00| 0 spa d
040 ## - FUENTE DE CATALOGACIÓN
Agencia catalogadora original CO-BoIAVH
Agencia transcriptora CO-BoIAVH
041 ## - IDIOMA
Código de idioma para texto/pista de sonido o título separado Español
044 ## - PAÍS DE PUBLICACIÓN
País de publicación Ecuador
090 ## - CLASIFICACIÓN LOCAL
Colección LB
Consecutivo 02260
100 ## - ASIENTO PRINCIPAL--NOMBRE PERSONAL
Nombre personal Gierhake, Klaus
245 ## - MENCION DE TITULO
Título Articulación espacial de la economía regional servicios y comercio como base para una zonificación económica en la zona aledaña oriental del Parque Nacional Sangay, Ecuador
260 ## - PUBLICACION, DISTRIBUCION, ETC. (PIE DE IMPRENTA)
Lugar de publicación, distribución, etc. Quito
Nombre del editor, distribuidor, etc. Comisión de la Unión Europea
Fecha de publicación, distribución, etc. 2001
300 ## - DESCRIPCION FISICA
Extensión 97
650 ## - ASIENTO SECUNDARIO DE MATERIA - TERMINO TEMATICO
Término temático o nombre geográfico como elemento de entrada Economía
650 ## - ASIENTO SECUNDARIO DE MATERIA - TERMINO TEMATICO
Término temático o nombre geográfico como elemento de entrada Aspectos socioeconómicos
650 ## - ASIENTO SECUNDARIO DE MATERIA - TERMINO TEMATICO
Término temático o nombre geográfico como elemento de entrada Uso del suelo
650 ## - ASIENTO SECUNDARIO DE MATERIA - TERMINO TEMATICO
Término temático o nombre geográfico como elemento de entrada Desarrollo sostenible
662 ## - ASIENTO SECUNDARIO DE MATERIA - JERARQUIA DEL NOMBRE DE LUGAR(
País o entidad mayor Ecuador
700 ## - ASIENTO SECUNDARIO - NOMBRE PERSONAL
Nombre personal Gottsmann, Thorsten
942 ## - ELEMENTOS ADICIONALES (KOHA)
Tipo de ítem Informe Técnico
Sistema de clasificación Local
Existencias
Withdrawn status Lost status Sistema de Clasificación Damaged status No para préstamo Colección Inventariado Ubicación Permanente Ubicación actual Fecha de adquisición Fuente de Valor Total Checkouts Número topográfico Inventario / Código de Barras Date last seen Ejemplar Price effective from Forma de adquisición Tipo de material
    Local     General Inventariado 2017 Bogotá Bogotá 30/08/2001 Gottsmann,Thorsten   LB-02260 003018 04/12/2012 Ej. 1 04/12/2012   Informe Técnico